000
00298nam a2200121Ia 4500
008
220204s9999 xx 000 0 und d
082
_a
003
_b
UNI
245
0
_a
University desk encyclopedia
260
_a
Lausanne
_b
Elsevier
_c
1977
700
_a
Friedhoff, H
700
_a
Lenthall, Ben
942
_c
BK
999
_c
33239
_d
33239